[Event "Ruhrgebiet Bezirksliga 16/17"]
[Site "Ruhrgebiet"]
[Date "2017.03.05"]
[Round "9.6"]
[White "Hohlwein, Georg"]
[Black "Dreesbach, Harald"]
[Result "1/2-1/2"]
[WhiteElo "1635"]
[BlackElo "1744"]
[PlyCount "100"]
[EventDate "2016.08.28"]
[EventType "team-tourn"]
[EventRounds "11"]
[EventCountry "GER"]
[SourceTitle "EXT 2022"]
[Source "ChessBase"]
[SourceDate "2021.10.06"]
[SourceVersion "1"]
[SourceVersionDate "2021.10.06"]
[SourceQuality "1"]
[WhiteTeam "Luenen Horstmar SC II"]
[BlackTeam "Ahlen SV II"]
[WhiteTeamCountry "GER"]
[BlackTeamCountry "GER"]

1. e4 c5 2. Nc3 Nc6 3. g3 g6 4. Bg2 Bg7 5. d3 d6 6. Be3 e6 7. Qd2 Nge7 8. Nge2 Nd4 9. Nd1 Nxe2 10. Qxe2 Bf6 11. c3 Bg7 12. 0-0 0-0 13. f4 f5 14. e5 Rb8 15. d4 cxd4 16. cxd4 d5 17. Nc3 a6 18. Rac1 Bd7 19. Qd1 Qa5 20. Qd2 Rfc8 21. Nxd5 Qd8 22. Rxc8 Nxc8 23. Nc3 Nb6 24. b3 Bc6 25. Bxc6 bxc6 26. Qe2 Ra8 27. Rc1 Qd7 28. Nd1 Bf8 29. Nf2 Nd5 30. Nd3 Ba3 31. Rc2 Kf7 32. Nc5 Qc8 33. Bc1 Bb4 34. a3 Ba5 35. b4 Bd8 36. Qc4 Nb6 37. Qb3 Nd5 38. a4 Rb8 39. Bd2 Ba5 40. Rc4 Bd8 41. Nd3 Qb7 42. Qc2 Rc8 43. Nc5 Qa8 44. h3 Nb6 45. Rc3 Nd5 46. Rb3 Rc7 47. Qc4 Ra7 48. Rb1 Qc8 49. Rc1 Bb6 50. Kg2 Bd8 1/2-1/2